[Event "4NCL Online Division 7"]
[Site "online"]
[Date "2021.04.20"]
[EventDate "2021.04.20"]
[Round "7.33"]
[White "Bush, Ian"]
[WhiteElo "1782"]
[WhiteTeam "Oxford 4"]
[Black "Gay, Conor"]
[BlackElo "1937"]
[BlackTeam "Battersea Cats"]
[Result "1-0"]
[PlyCount "111"]

1. e4 c5 2. d4 cxd4 3. c3 Nf6 4. e5 Nd5 5. Nf3 e6 6. cxd4 d6 7. a3 Bd7 8. Bd3 Bc6 9. O-O Nd7 10. Re1 Be7 11. b4 a6 12. Nbd2 Nf4 13. Be4 Rc8 14. Bxc6 Rxc6 15. Ne4 dxe5 16. dxe5 Nd5 17. Bb2 O-O 18. Qe2 b5 19. Rac1 Rxc1 20. Rxc1 N7b6 21. Nfd2 Nf4 22. Qe3 Nd3 23. Rc6 Nxb2 24. Qxb6 Nc4 25. Qxd8 Rxd8 26. Nf1 Nxe5 27. Rxa6 Nc4 28. Nc3 Rb8 29. Ng3 g6 30. Nge4 f5 31. Nc5 Bxc5 32. bxc5 Kf7 33. c6 Nxa3 34. Rxa3 b4 35. Ra7+ Ke8 36. Na4 Rd8 37. g3 Rd6 38. Ra8+ Rd8 39. Ra7 Rd1+ 40. Kg2 Rc1 41. c7 b3 42. Rb7 b2 43. Nxb2 Kd7 44. Nd3 Rxc7 45. Rxc7+ Kxc7 46. Ne5 Kd6 47. f4 Ke7 48. Kf3 Kf6 49. Ke3 g5 50. Kf3 h6 51. Ke3 Ke7 52. Kd4 Kf6 53. Kc5 h5 54. Kd6 h4 55. gxh4 gxh4 56. h3 1-0

[Event "4NCL Online Division 7"]
[Site "online"]
[Date "2021.04.20"]
[EventDate "2021.04.20"]
[Round "7.34"]
[White "Rebbeck, Christopher"]
[WhiteElo "1451"]
[WhiteTeam "Battersea Cats"]
[Black "Rogan, Killian"]
[BlackElo "1802"]
[BlackTeam "Oxford 4"]
[Result "1-0"]
[PlyCount "89"]

1. e4 c5 2. Nf3 d6 3. c3 Nf6 4. d3 Nc6 5. Nbd2 b5 6. h3 Bb7 7. d4 cxd4 8. cxd4 Qb6 9. Qb3 a6 10. Ng5 e6 11. Ndf3 h6 12. Nxe6 fxe6 13. Qxe6+ Be7 14. Be3 Nd8 15. d5 Qxe3+ 16. fxe3 Nxe6 17. dxe6 Rc8 18. Bd3 Nxe4 19. O-O Bf6 20. Nd4 Ke7 21. b4 Rc3 22. Rfd1 Bxd4 23. exd4 Kxe6 24. a4 Rf8 25. axb5 axb5 26. Ra7 Bd5 27. Rxg7 Nf2 28. Re1+ Kf6 29. Rg6+ Kf7 30. Bb1 Nd3 31. Bxd3 Rxd3 32. Rxd6 Bc4 33. Rf1+ Kg7 34. Rxf8 Kxf8 35. Rxh6 Kg7 36. Rd6 Rb3 37. Kf2 Kf7 38. Rd7+ Ke6 39. Rd8 Rxb4 40. h4 Rb3 41. g4 Rh3 42. h5 b4 43. Kg2 Rd3 44. h6 Kf7 45. h7 1-0

[Event "4NCL Online Division 7"]
[Site "online"]
[Date "2021.04.20"]
[EventDate "2021.04.20"]
[Round "7.41"]
[White "Shapland, David"]
[WhiteElo "1924"]
[WhiteTeam "Hebden Bridge 2"]
[Black "Carpenter, Martin"]
[BlackElo "2014"]
[BlackTeam "Eagle and Child"]
[Result "1/2-1/2"]
[PlyCount "58"]

1. e4 e6 2. d4 d5 3. Nd2 h6 4. c3 c5 5. exd5 exd5 6. Ngf3 Nf6 7. Bb5+ Nc6 8. O-O Bd6 9. Re1+ Be6 10. dxc5 Bxc5 11. Nb3 Qb6 12. Nxc5 Qxc5 13. Nd4 O-O 14. Nxe6 fxe6 15. Bxc6 Qxc6 16. Qd4 b6 17. Re5 Nd7 18. Re2 e5 19. Qd3 Rae8 20. Be3 Nc5 21. Bxc5 bxc5 22. Rd1 d4 23. Qc4+ Kh8 24. Rde1 Qd6 25. Qd3 Qf6 26. f3 Re7 27. b4 dxc3 28. Qxc3 cxb4 29. Qxb4 Rfe8 1/2-1/2

[Event "4NCL Online Division 7"]
[Site "online"]
[Date "2021.04.20"]
[EventDate "2021.04.20"]
[Round "7.42"]
[White "Bedi, Adam"]
[WhiteElo "1954"]
[WhiteTeam "Eagle and Child"]
[Black "Wedge, David C"]
[BlackElo "1896"]
[BlackTeam "Hebden Bridge 2"]
[Result "1-0"]
[PlyCount "37"]

1. d4 Nf6 2. c4 g6 3. g3 Bg7 4. Bg2 O-O 5. Nc3 d6 6. Nf3 c5 7. d5 e6 8. O-O Na6 9. e4 exd5 10. cxd5 Nc7 11. Bf4 b5 12. e5 dxe5 13. Nxe5 b4 14. d6 bxc3 15. dxc7 Qxd1 16. Raxd1 Ba6 17. Bxa8 Bxf1 18. Kxf1 cxb2 19. Bb7 1-0

[Event "4NCL Online Division 7"]
[Site "online"]
[Date "2021.04.20"]
[EventDate "2021.04.20"]
[Round "7.43"]
[White "Allan, John M"]
[WhiteElo "1818"]
[WhiteTeam "Hebden Bridge 2"]
[Black "Weber, Simon"]
[BlackElo "1654"]
[BlackTeam "Eagle and Child"]
[Result "0-1"]
[PlyCount "68"]

1. e4 c6 2. Nc3 d5 3. Nf3 Bg4 4. h3 Bxf3 5. Qxf3 e6 6. d3 Nd7 7. g3 Bd6 8. Bg2 Ne7 9. O-O O-O 10. Qe2 Qc7 11. a4 Rae8 12. f4 f5 13. e5 Bc5+ 14. Kh2 a6 15. a5 Bb4 16. Bd2 c5 17. Nb1 Bxd2 18. Nxd2 Nc6 19. Nb3 Nd4 20. Nxd4 cxd4 21. b4 Rc8 22. Rfc1 Qc3 23. Rab1 Nb8 24. Bf3 Rf7 25. Qg2 Rfc7 26. Bd1 Qc6 27. Bf3 Qd7 28. Qf2 Nc6 29. Bd1 Na7 30. Qxd4 Nb5 31. Qf2 Nc3 32. Rb3 Qa4 33. Qd2 Nxd1 34. Qxd1 Qxb3 0-1

[Event "4NCL Online Division 7"]
[Site "online"]
[Date "2021.04.20"]
[EventDate "2021.04.20"]
[Round "7.44"]
[White "Payne, Phillip"]
[WhiteElo "1232"]
[WhiteTeam "Eagle and Child"]
[Black "Blinkhorn, Joshua"]
[BlackElo "1555"]
[BlackTeam "Hebden Bridge 2"]
[Result "1-0"]
[PlyCount "51"]

1. e4 e5 2. Nf3 Nc6 3. Bc4 Nf6 4. Ng5 Bc5 5. Bxf7+ Ke7 6. Bb3 d6 7. Nf7 Qf8 8. d3 Nd4 9. Nxh8 Nxb3 10. cxb3 Bxf2+ 11. Kd2 Bg4 12. Qf1 d5 13. Nc3 Bd4 14. exd5 Rd8 15. h3 Bh5 16. g4 Be8 17. Kc2 Qg8 18. Bg5 Bxc3 19. bxc3 Qxd5 20. Re1 Bc6 21. Qf5 Qg2+ 22. Kb1 e4 23. Qxh7 Kd6 24. Qxg7 exd3 25. Qe7+ Kd5 26. Re5# 1-0

[Event "4NCL Online Division 7"]
[Site "online"]
[Date "2021.04.20"]
[EventDate "2021.04.20"]
[Round "7.51"]
[White "Cook, Philip"]
[WhiteElo "2147"]
[WhiteTeam "Hebden Bridge 1"]
[Black "O'Gorman, Alice"]
[BlackElo "1916"]
[BlackTeam "RCSI Team 1"]
[Result "1-0"]
[PlyCount "49"]

1. d4 d5 2. Nf3 e6 3. g3 Nf6 4. Bg2 Be7 5. O-O O-O 6. c4 c6 7. Qc2 Nbd7 8. Nbd2 b6 9. e4 dxe4 10. Nxe4 Bb7 11. Nxf6+ Nxf6 12. Rd1 Qc8 13. c5 Rd8 14. Bf4 Nd5 15. Bg5 h6 16. Bxe7 Nxe7 17. Ne5 Nf5 18. Qe4 Qc7 19. Rac1 b5 20. Bh3 Ne7 21. Nxf7 Kxf7 22. Bxe6+ Ke8 23. Qh7 Nd5 24. Qg8+ Ke7 25. Qf7# 1-0

[Event "4NCL Online Division 7"]
[Site "online"]
[Date "2021.04.20"]
[EventDate "2021.04.20"]
[Round "7.52"]
[White "Singh, Mahendra"]
[WhiteElo "1872"]
[WhiteTeam "RCSI Team 1"]
[Black "Eagleton, Greg T"]
[BlackElo "2078"]
[BlackTeam "Hebden Bridge 1"]
[Result "0-1"]
[PlyCount "110"]

1. Nf3 c5 2. d3 g6 3. g3 Bg7 4. Bg2 Nc6 5. O-O d5 6. Nc3 Nf6 7. e4 d4 8. Ne2 e5 9. h3 O-O 10. Kh2 Bd7 11. Nfg1 Ne8 12. f4 exf4 13. gxf4 f5 14. Nf3 Nc7 15. Ng3 Kh8 16. e5 Be6 17. h4 Qe7 18. h5 Bh6 19. hxg6 hxg6 20. Rh1 Kg7 21. Kg1 Rh8 22. Nh4 Qf7 23. Bd2 Nd5 24. Ne2 Rag8 25. Rh3 Kf8 26. Rg3 Bxf4 27. Nxf4 Nxf4 28. Bxf4 Rxh4 29. Bg5 Rh7 30. Qe2 Bd5 31. Re1 Bxg2 32. Qxg2 Qe6 33. Bf6 Kf7 34. a3 Rh5 35. Rh3 f4 36. Rf3 g5 37. Re4 Rh4 38. Kf1 Qg4 39. Qxg4 Rxg4 40. Rh3 Kg6 41. Kf2 Re8 42. Rh1 Rg3 43. b3 Ne7 44. b4 b6 45. bxc5 bxc5 46. Bxe7 Rxe7 47. Rb1 Re3 48. Re1 Rxe4 49. Rxe4 Kf5 50. Re1 Rxe5 51. Rb1 g4 52. Rb7 g3+ 53. Kf3 Re3+ 54. Kg2 Re2+ 55. Kf3 Rf2# 0-1

[Event "4NCL Online Division 7"]
[Site "online"]
[Date "2021.04.20"]
[EventDate "2021.04.20"]
[Round "7.53"]
[White "Clarkson, Andrew"]
[WhiteElo "2043"]
[WhiteTeam "Hebden Bridge 1"]
[Black "Elhadi, Aymen"]
[BlackElo "1853"]
[BlackTeam "RCSI Team 1"]
[Result "1-0"]
[PlyCount "61"]

1. e4 c5 2. Nf3 d6 3. d4 cxd4 4. Nxd4 Nf6 5. Nc3 a6 6. h3 e5 7. Nde2 Be7 8. g4 Nc6 9. Bg2 Be6 10. O-O Rc8 11. Be3 b5 12. Qd2 h5 13. g5 Nh7 14. h4 g6 15. f4 Qd7 16. Nd5 f5 17. Nb6 Qc7 18. Nxc8 Qxc8 19. Nc3 fxe4 20. Bxe4 O-O 21. Nd5 Bh3 22. Rf3 Bxg5 23. hxg5 Qg4+ 24. Kh2 Nxg5 25. fxg5 Rxf3 26. Bxf3 Qxf3 27. Nf6+ Kh8 28. Qf2 Qxf2+ 29. Bxf2 Bf5 30. c3 Kg7 31. Rd1 1-0

[Event "4NCL Online Division 7"]
[Site "online"]
[Date "2021.04.20"]
[EventDate "2021.04.20"]
[Round "7.54"]
[White "Ajisafe, Oladayoe"]
[WhiteElo "1815"]
[WhiteTeam "RCSI Team 1"]
[Black "Leonard, Pete"]
[BlackElo "1874"]
[BlackTeam "Hebden Bridge 1"]
[Result "0-1"]
[PlyCount "90"]

1. e4 Nf6 2. Nc3 e5 3. Nf3 Nc6 4. Bc4 Nxe4 5. Bxf7+ Kxf7 6. Nxe4 d5 7. Ng3 Be7 8. h3 Re8 9. O-O Kg8 10. d3 g6 11. Re1 Bf6 12. c3 Be6 13. Qd2 Bg7 14. b3 Qe7 15. Bb2 Rad8 16. Qc2 Bf5 17. Nxf5 gxf5 18. Re2 Qf7 19. Rae1 Qh5 20. c4 e4 21. Bxg7 exf3 22. Rxe8+ Rxe8 23. Rxe8+ Qxe8 24. Bc3 d4 25. Bd2 Qg6 26. g3 Qh5 27. h4 Qg4 28. Kh2 Ne5 29. Bf4 Ng6 30. Qd2 Nxh4 31. Bh6 Ng6 32. Qg5 Kf7 33. a4 Ne5 34. Qf4 Qh5+ 35. Qh4 Ng4+ 36. Kg1 Qxh6 37. Qxh6 Nxh6 38. Kf1 Ng4 39. b4 Ne5 40. b5 b6 41. Ke1 Nxd3+ 42. Kf1 Nc5 43. Ke1 Ne4 44. Kf1 d3 45. Ke1 Ke6 0-1

[Event "4NCL Online Division 7"]
[Site "online"]
[Date "2021.04.20"]
[EventDate "2021.04.20"]
[Round "7.61"]
[White "Robinson, Adam"]
[WhiteElo "1993"]
[WhiteTeam "Hackney Spice Boys"]
[Black "Badacsonyi, Frankie"]
[BlackElo "1675"]
[BlackTeam "MHJ Bishops"]
[Result "0-1"]
[PlyCount "94"]

1. e4 e6 2. d4 d5 3. Nd2 Nc6 4. Ngf3 Nf6 5. e5 Nd7 6. Bd3 Nb4 7. Be2 c5 8. c3 Nc6 9. O-O Be7 10. Re1 O-O 11. Nf1 f6 12. exf6 Nxf6 13. Ne3 b6 14. g3 cxd4 15. cxd4 Bb4 16. Bd2 Qd6 17. Bxb4 Qxb4 18. Rc1 Bd7 19. b3 Rac8 20. Ng2 Ne4 21. Nf4 Nc3 22. Qd3 Nxe2+ 23. Nxe2 Qd6 24. Nf4 Rf5 25. Re2 Rcf8 26. Rce1 g5 27. Nxg5 Rxg5 28. Nxe6 Bxe6 29. Rxe6 Qd7 30. Qe3 Rg6 31. Rxg6+ hxg6 32. Qg5 Kg7 33. b4 Qf5 34. Qd2 Rf7 35. b5 Na5 36. Re8 Nc4 37. Qe2 Nd6 38. Re5 Qb1+ 39. Kg2 Qxb5 40. Qe1 Qc4 41. Qd1 Qxa2 42. Re2 Qc4 43. Re6 Ne4 44. Qg4 Rxf2+ 45. Kh3 Qf1+ 46. Kh4 Rxh2+ 47. Qh3 Qxh3# 0-1

[Event "4NCL Online Division 7"]
[Site "online"]
[Date "2021.04.20"]
[EventDate "2021.04.20"]
[Round "7.62"]
[White "Karia, Kamlesh"]
[WhiteElo "1560"]
[WhiteTeam "MHJ Bishops"]
[Black "Wright, Robert"]
[BlackElo "1975"]
[BlackTeam "Hackney Spice Boys"]
[Result "0-1"]
[PlyCount "82"]

1. e4 c5 2. Nc3 Nc6 3. Bc4 e6 4. f4 Nge7 5. Nf3 d5 6. exd5 exd5 7. Be2 g6 8. d4 Bg7 9. O-O O-O 10. dxc5 Qa5 11. Bd2 Qxc5+ 12. Kh1 Nf5 13. Rb1 Re8 14. Na4 Qd6 15. Bb5 Bd7 16. Re1 a6 17. Bd3 Ncd4 18. Nc3 b5 19. a3 Rxe1+ 20. Nxe1 Bc6 21. Na2 a5 22. c3 Ne6 23. Bxf5 gxf5 24. Nd3 d4 25. Qf1 Bd5 26. Nac1 Bc4 27. Qf3 Rd8 28. Ne5 Bxe5 29. fxe5 Qxe5 30. Qg3+ Qxg3 31. hxg3 dxc3 32. Bxc3 Rd1+ 33. Kh2 a4 34. Ra1 Nc5 35. b3 axb3 36. Bb2 Na4 37. Nxb3 Rxa1 38. Bxa1 Bxb3 39. Kh3 Bd5 40. Be5 Nb6 41. Bf4 Nc4 0-1

[Event "4NCL Online Division 7"]
[Site "online"]
[Date "2021.04.20"]
[EventDate "2021.04.20"]
[Round "7.63"]
[White "Friel, Jamie"]
[WhiteElo "1720"]
[WhiteTeam "Hackney Spice Boys"]
[Black "Bhattacharya, Cali"]
[BlackElo "1315"]
[BlackTeam "MHJ Bishops"]
[Result "1/2-1/2"]
[PlyCount "86"]

1. d4 d5 2. Bf4 Bf5 3. e3 Nf6 4. Nf3 e6 5. Bd3 Bg6 6. O-O Bd6 7. Bg3 O-O 8. Nbd2 Nc6 9. a3 Ne4 10. Ne5 Nxg3 11. hxg3 Bxe5 12. dxe5 Nxe5 13. Nf3 Nxf3+ 14. gxf3 e5 15. Kg2 e4 16. fxe4 dxe4 17. Bc4 Qxd1 18. Raxd1 Rfd8 19. Kh3 h6 20. Kg4 Kf8 21. Kf4 Bh7 22. Rh1 f5 23. Be6 Ke7 24. Bxf5 Rf8 25. Rd7+ Ke8 26. Rxg7 Rxf5+ 27. Kg4 Rf7 28. Rxf7 Kxf7 29. Rxh6 Rh8 30. Kf4 Rf8 31. Ke5 Re8+ 32. Kd4 Bg6 33. Rh4 Rd8+ 34. Kc3 Rd6 35. Rf4+ Ke7 36. Rg4 Rc6+ 37. Kb3 Bf7+ 38. Kb4 Rb6+ 39. Kc3 Rc6+ 40. Kd2 Rd6+ 41. Kc3 Rc6+ 42. Kd2 Re6 43. Kc3 Rc6+ 1/2-1/2

[Event "4NCL Online Division 7"]
[Site "online"]
[Date "2021.04.20"]
[EventDate "2021.04.20"]
[Round "7.64"]
[White "Badacsonyi, Stanley"]
[WhiteElo "1214"]
[WhiteTeam "MHJ Bishops"]
[Black "Corrigan, James"]
[BlackElo "1626"]
[BlackTeam "Hackney Spice Boys"]
[Result "1/2-1/2"]
[PlyCount "84"]

1. d4 Nf6 2. Nc3 c5 3. d5 e6 4. e4 exd5 5. e5 Ng8 6. Qxd5 Nc6 7. Bc4 Qe7 8. Nb5 Qxe5+ 9. Ne2 Qxd5 10. Bxd5 Nb4 11. Bb3 Na6 12. Bf4 Nf6 13. O-O-O Be7 14. Rhe1 O-O 15. Ng3 Re8 16. Ne4 Nxe4 17. Rxe4 d5 18. Bxd5 Bf5 19. Ree1 Rad8 20. Bxb7 Rxd1+ 21. Kxd1 Nb4 22. c3 Nd3 23. Nd6 Nxe1 24. Nxe8 Nd3 25. Bb8 Nxb2+ 26. Ke2 Be6 27. Bxa7 Bxa2 28. Nc7 Bc4+ 29. Kd2 Nd3 30. f3 Nf4 31. g3 Ne6 32. Nxe6 Bxe6 33. Bb8 Bc4 34. Bf4 f5 35. Bc8 g6 36. Bd7 Bd5 37. Ke3 Bf6 38. Bd6 Bxc3 39. Bxc5 Kf7 40. Bb5 Ke6 41. f4 Bb2 42. Bd3 Bc1+ 1/2-1/2

[Event "4NCL Online Division 7"]
[Site "online"]
[Date "2021.04.20"]
[EventDate "2021.04.20"]
[Round "7.71"]
[White "Kanellopoulos, Panayotis"]
[WhiteElo "2278"]
[WhiteTeam "Colchester JFF A"]
[Black "Blohm, L"]
[BlackElo "1980"]
[BlackTeam "Newport B"]
[Result "1-0"]
[PlyCount "41"]

1. c4 c5 2. g3 Nf6 3. Bg2 d5 4. cxd5 Nxd5 5. Nc3 Nc7 6. Nf3 Nc6 7. O-O e5 8. a3 Be7 9. b4 cxb4 10. axb4 Bxb4 11. Nxe5 Nxe5 12. Qa4+ Nc6 13. Bxc6+ bxc6 14. Qxb4 Qe7 15. Qa4 Bd7 16. Ba3 c5 17. Qc4 Ne6 18. d4 Rc8 19. Nd5 Qd6 20. dxc5 O-O 21. c6 1-0

[Event "4NCL Online Division 7"]
[Site "online"]
[Date "2021.04.20"]
[EventDate "2021.04.20"]
[Round "7.73"]
[White "Rida, Ruqayyah"]
[WhiteElo "1574"]
[WhiteTeam "Colchester JFF A"]
[Black "Thomas, Clive"]
[BlackElo "1770"]
[BlackTeam "Newport B"]
[Result "0-1"]
[PlyCount "124"]

1. e4 e6 2. d4 d5 3. Nd2 Nc6 4. Ngf3 Nf6 5. e5 Nd7 6. Bd3 f6 7. exf6 Qxf6 8. c3 Bd6 9. O-O O-O 10. Nb3 h6 11. h3 e5 12. dxe5 Ndxe5 13. Be2 Nxf3+ 14. Bxf3 Bxh3 15. Bxd5+ Be6 16. Bxe6+ Qxe6 17. Re1 Qf6 18. Be3 Rae8 19. Qc2 Qh4 20. Kf1 Bg3 21. f3 Qh1+ 22. Ke2 Qxg2+ 23. Kd1 Qxc2+ 24. Kxc2 Bxe1 25. Rxe1 Rxf3 26. Bd2 Rxe1 27. Bxe1 b6 28. Nd2 Rf7 29. Nc4 g5 30. Bd2 Kh7 31. Ne3 Ne5 32. c4 Rf2 33. Kd1 Nd3 34. b3 Nf4 35. Ng4 Re2 36. Bxf4 Rxa2 37. Bxc7 h5 38. Ne3 Rb2 39. Bd8 Rxb3 40. Kd2 Kg6 41. Bc7 g4 42. Bd8 Kf7 43. Bh4 Ke6 44. Nd5 g3 45. Ne3 Rb2+ 46. Ke1 g2 47. Bf2 h4 48. Nxg2 Rb1+ 49. Ke2 h3 50. Nf4+ Kd6 51. Nxh3 Rb2+ 52. Kf3 Rb3+ 53. Kg4 a5 54. Nf4 a4 55. Bd4 a3 56. Ne2 Rb4 57. Bc3 Rxc4+ 58. Kf3 b5 59. Ke3 b4 60. Bxb4+ Rxb4 61. Nc3 Kc5 62. Kd2 Kc4 0-1

[Event "4NCL Online Division 7"]
[Site "online"]
[Date "2021.04.20"]
[EventDate "2021.04.20"]
[Round "7.74"]
[White "Connolly, David"]
[WhiteElo "1540"]
[WhiteTeam "Newport B"]
[Black "Catabay, Mae Katelyn Rose"]
[BlackElo "1565"]
[BlackTeam "Colchester JFF A"]
[Result "1-0"]
[PlyCount "71"]

1. Nf3 d5 2. g3 c5 3. Bg2 Nc6 4. O-O e5 5. d3 Nf6 6. e4 d4 7. c3 Bd6 8. Na3 O-O 9. Bd2 Be6 10. Ng5 a6 11. Nxe6 fxe6 12. Nc2 b5 13. cxd4 cxd4 14. Ne1 Rc8 15. Nf3 a5 16. Ng5 Qe7 17. Bh3 Nd8 18. Bxa5 Bc7 19. Bxc7 Rxc7 20. Qb3 Re8 21. a3 Rc5 22. Nf3 Qd6 23. Rac1 h6 24. Qb4 Nb7 25. Rxc5 Nxc5 26. Rc1 Nfd7 27. Bf1 Rf8 28. Nd2 Qe7 29. Nb3 Rc8 30. Nxc5 Nxc5 31. Qd2 Qd7 32. Bh3 Kf7 33. Qc2 Qc7 34. b4 Na6 35. Bxe6+ Ke7 36. Bxc8 1-0

[Event "4NCL Online Division 7"]
[Site "online"]
[Date "2021.04.20"]
[EventDate "2021.04.20"]
[Round "7.81"]
[White "Davies, Owain"]
[WhiteElo "1923"]
[WhiteTeam "Aberystwyth University 1"]
[Black "Ward, George"]
[BlackElo "1736"]
[BlackTeam "MK Phoenix 4"]
[Result "0-1"]
[PlyCount "166"]

1. e4 e5 2. Nc3 Nc6 3. g3 Nf6 4. Bg2 d6 5. Nge2 Be6 6. O-O Be7 7. d3 O-O 8. f4 exf4 9. Nxf4 Bg4 10. Qd2 Qc8 11. h3 Bd7 12. Kh2 Nd4 13. Qf2 Ne6 14. Be3 Nxf4 15. Bxf4 Nh5 16. Be3 c6 17. Qe2 Nf6 18. Rf2 h6 19. Raf1 Nh7 20. Qd2 Bg5 21. Ne2 Bxe3 22. Qxe3 Ng5 23. g4 Qe8 24. d4 Qd8 25. Ng3 d5 26. e5 Qc7 27. Kh1 Rae8 28. Qd3 Ne6 29. Nf5 Qb6 30. c3 Ng5 31. Nd6 Re7 32. h4 Nh7 33. Nf5 Re6 34. Bh3 Ree8 35. Qg3 f6 36. Nd6 Rd8 37. Qe3 fxe5 38. Qxe5 Rxf2 39. Rxf2 Rf8 40. Rxf8+ Nxf8 41. Qe7 Qxb2 42. Qf7+ Kh7 43. Qxf8 Qxc3 44. Kg2 Qxd4 45. Qf2 Qb4 46. Qc2+ Kg8 47. Nf5 d4 48. Qb3+ Qxb3 49. axb3 a5 50. Nxd4 b5 51. Kf3 c5 52. Nc2 Be6 53. Na1 a4 54. bxa4 bxa4 55. Bf1 a3 56. Be2 c4 57. Ke3 a2 58. Kd4 Bc8 59. Bxc4+ Kh7 60. Be2 Kg6 61. Kc3 Be6 62. Kb2 Kf6 63. Nc2 Ke5 64. Ne3 Kf4 65. Nc4 Bxg4 66. Bd3 Be6 67. Kxa2 Kg4 68. Kb2 Kxh4 69. Ne5 g5 70. Kc3 Kg3 71. Kd2 h5 72. Ke3 h4 73. Nf3 g4 74. Nxh4 Kxh4 75. Be2 g3 76. Bf3 Kh3 77. Ke2 Kh2 78. Kf1 Bc4+ 79. Ke1 Bd3 80. Kd2 Bf1 81. Ke1 Bg2 82. Bg4 Be4 83. Kf1 g2+ 0-1

[Event "4NCL Online Division 7"]
[Site "online"]
[Date "2021.04.20"]
[EventDate "2021.04.20"]
[Round "7.82"]
[White "McKeon, John"]
[WhiteElo "1585"]
[WhiteTeam "MK Phoenix 4"]
[Black "Westwood, Cameron"]
[BlackElo "1705"]
[BlackTeam "Aberystwyth University 1"]
[Result "1/2-1/2"]
[PlyCount "104"]

1. d4 Nf6 2. Bf4 g6 3. Nc3 Bg7 4. Qd2 d5 5. Bh6 O-O 6. h3 Nc6 7. Bxg7 Kxg7 8. Nf3 a5 9. e3 Nd7 10. Nxd5 e5 11. dxe5 Ndxe5 12. Nxe5 Nxe5 13. Qd4 f6 14. Be2 Be6 15. Nf4 Bf7 16. O-O g5 17. Nh5+ Kh6 18. Ng3 Qxd4 19. exd4 Nc4 20. b3 Na3 21. Bd3 Kg7 22. Nf5+ Kh8 23. Rae1 Rfe8 24. Nh6 Bg6 25. Bxg6 hxg6 26. c4 Kg7 27. Ng4 c6 28. Ne3 Rad8 29. Rd1 f5 30. d5 f4 31. Ng4 cxd5 32. cxd5 Nb5 33. Rd2 Nc3 34. d6 Ne4 35. Rc2 Nxd6 36. Rc7+ Kf8 37. Rc5 b6 38. Rxg5 Kg7 39. Rd5 Ne4 40. Rxd8 Rxd8 41. Re1 Nc3 42. a3 Rd2 43. Re7+ Kf8 44. Re6 Ra2 45. a4 Kg7 46. Rxb6 Ne2+ 47. Kh2 Nd4 48. Ra6 Nxb3 49. Ra7+ Kf8 50. Ra6 Kg7 51. Ra7+ Kf8 52. Ra6 Kg7 1/2-1/2

[Event "4NCL Online Division 7"]
[Site "online"]
[Date "2021.04.20"]
[EventDate "2021.04.20"]
[Round "7.83"]
[White "Horhey, Matthew"]
[WhiteElo "1600"]
[WhiteTeam "Aberystwyth University 1"]
[Black "Cox, Lucian"]
[BlackElo "1469"]
[BlackTeam "MK Phoenix 4"]
[Result "1-0"]
[PlyCount "59"]

1. e4 c5 2. Nf3 d6 3. d4 cxd4 4. Nxd4 Nf6 5. Nc3 g6 6. Be2 Bg7 7. Be3 O-O 8. Qd2 Bg4 9. f3 Bd7 10. g4 Nc6 11. Nxc6 Bxc6 12. O-O-O Rc8 13. h4 h5 14. gxh5 Nxh5 15. Rdg1 Qa5 16. Bd4 Nf4 17. Bxg7 Nxe2+ 18. Qxe2 Kxg7 19. h5 Bd7 20. hxg6 fxg6 21. Qd2 Rg8 22. Rh6 Kf6 23. Nd5+ Qxd5 24. Qxd5 Be6 25. Qg5+ Kf7 26. Rh7+ Rg7 27. Qxg6+ Kf8 28. Rh8+ Rg8 29. Rxg8+ Bxg8 30. Qxg8# 1-0

[Event "4NCL Online Division 7"]
[Site "online"]
[Date "2021.04.20"]
[EventDate "2021.04.20"]
[Round "7.84"]
[White "Phillips, David"]
[WhiteElo "1410"]
[WhiteTeam "MK Phoenix 4"]
[Black "Bates, Toby"]
[BlackElo "1550"]
[BlackTeam "Aberystwyth University 1"]
[Result "1-0"]
[PlyCount "51"]

1. d4 Nf6 2. Nc3 d5 3. Bf4 a6 4. e3 e6 5. a3 c5 6. Nf3 Nc6 7. Be2 Qb6 8. Rb1 Bd7 9. O-O Rc8 10. Be5 Nxe5 11. Nxe5 cxd4 12. exd4 Bd6 13. Qd3 h5 14. h3 Qc7 15. f4 b5 16. Qg3 Kf8 17. Bd3 h4 18. Qe1 Be7 19. Ne2 Nh5 20. c3 a5 21. Nxd7+ Qxd7 22. f5 Ke8 23. fxe6 fxe6 24. Nf4 Ng3 25. Bg6+ Kd8 26. Nxe6+ 1-0

[Event "4NCL Online Division 7"]
[Site "online"]
[Date "2021.04.20"]
[EventDate "2021.04.20"]
[Round "7.91"]
[White "Shepley, Julien M"]
[WhiteElo "1975"]
[WhiteTeam "Guildford Castles 2"]
[Black "Smith, Mark"]
[BlackElo "1607"]
[BlackTeam "Wolfpack 2"]
[Result "0-1"]
[PlyCount "34"]

1. e4 Nf6 2. Nc3 e6 3. e5 Nd5 4. Nxd5 exd5 5. Nf3 d6 6. d4 Be7 7. Bd3 Nc6 8. c3 Bg4 9. Bf4 dxe5 10. dxe5 f6 11. exf6 Bxf6 12. O-O O-O 13. Be3 Ne5 14. Be2 Nxf3+ 15. gxf3 Bh3 16. Re1 Be5 17. Bd4 Qg5+ 0-1

[Event "4NCL Online Division 7"]
[Site "online"]
[Date "2021.04.20"]
[EventDate "2021.04.20"]
[Round "7.92"]
[White "Wootton, Stephen G"]
[WhiteElo "1591"]
[WhiteTeam "Wolfpack 2"]
[Black "Mellor, Jessica"]
[BlackElo "1809"]
[BlackTeam "Guildford Castles 2"]
[Result "0-1"]
[PlyCount "106"]

1. e4 e5 2. Nf3 Nc6 3. Bb5 a6 4. Ba4 Nf6 5. d3 Bc5 6. c3 d6 7. O-O O-O 8. Nbd2 h6 9. Re1 b5 10. Bc2 Ng4 11. Rf1 f5 12. Nb3 Bb6 13. h3 fxe4 14. dxe4 Nf6 15. Qe2 Be6 16. Nbd2 Qe8 17. Rd1 Nh5 18. Nf1 Qf7 19. Be3 Bxe3 20. Qxe3 Nf4 21. Ng3 Nxh3+ 22. gxh3 Qxf3 23. Qxf3 Rxf3 24. Kg2 Raf8 25. Nf5 Rf4 26. Rd2 Kh7 27. b3 g6 28. Ne3 Rf3 29. Rh1 h5 30. Bd1 R3f7 31. f3 g5 32. Nd5 Bxd5 33. exd5 Ne7 34. Bc2+ Kg7 35. Be4 Ng6 36. Bxg6 Kxg6 37. Rf1 Rf4 38. Rdf2 a5 39. Rc2 g4 40. hxg4 hxg4 41. Kg3 Rxf3+ 42. Rxf3 gxf3 43. Rf2 Kg5 44. Rxf3 Rxf3+ 45. Kxf3 Kf5 46. Ke3 Kg4 47. Ke4 Kg5 48. a4 bxa4 49. bxa4 Kf6 50. c4 Kg5 51. Ke3 Kf5 52. Kf3 e4+ 53. Ke3 Ke5 0-1

[Event "4NCL Online Division 7"]
[Site "online"]
[Date "2021.04.20"]
[EventDate "2021.04.20"]
[Round "7.93"]
[White "Driver, Nicholas P"]
[WhiteElo "1750"]
[WhiteTeam "Guildford Castles 2"]
[Black "Pratley, Ian"]
[BlackElo "1571"]
[BlackTeam "Wolfpack 2"]
[Result "0-1"]
[PlyCount "94"]

1. e4 e6 2. d4 d5 3. exd5 exd5 4. Bd3 Nf6 5. Ne2 Be7 6. O-O O-O 7. c4 c6 8. Nbc3 Bg4 9. f3 Bh5 10. Ng3 Bg6 11. cxd5 Nxd5 12. Bc4 a5 13. a4 Na6 14. f4 f5 15. Qf3 Nc7 16. Be3 Kh8 17. Bf2 Qd6 18. Nge2 Rae8 19. Rad1 Bf7 20. Rfe1 Bf6 21. Nxd5 Bxd5 22. Bxd5 Nxd5 23. h3 Re4 24. g3 Rfe8 25. Kf1 Ne3+ 26. Bxe3 Rxe3 27. Qf2 Qb4 28. d5 cxd5 29. Rxd5 Qxa4 30. Rdd1 Qc6 31. Ng1 Qc4+ 32. Ne2 Qe4 33. Ng1 Rxe1+ 34. Rxe1 Qxe1+ 35. Qxe1 Rxe1+ 36. Kxe1 Bxb2 37. Kd2 Bd4 38. Ne2 Bf2 39. g4 fxg4 40. hxg4 g6 41. Kd3 Kg7 42. Nc3 Kf7 43. Kc4 b6 44. Kd5 Kf6 45. Kc6 h5 46. Nd5+ Ke6 47. Nc7+ Kf7 0-1

[Event "4NCL Online Division 7"]
[Site "online"]
[Date "2021.04.20"]
[EventDate "2021.04.20"]
[Round "7.94"]
[White "Vernon, Colin G"]
[WhiteElo "1386"]
[WhiteTeam "Wolfpack 2"]
[Black "Jones, H Trevor"]
[BlackElo "1814"]
[BlackTeam "Guildford Castles 2"]
[Result "1/2-1/2"]
[PlyCount "69"]

1. e4 c6 2. d4 d5 3. e5 Bf5 4. Nf3 e6 5. Bd3 Bxd3 6. Qxd3 Nd7 7. Nc3 c5 8. O-O cxd4 9. Qxd4 Bc5 10. Qg4 g6 11. a3 Ne7 12. b4 Bb6 13. Bg5 h6 14. Qh4 a6 15. Na4 Bc7 16. Rfe1 b5 17. Nb2 Nb6 18. Bf6 Rg8 19. Qxh6 Qd7 20. Qh7 Rf8 21. Rad1 O-O-O 22. Nd3 Na4 23. Rc1 Rde8 24. Ng5 Nc6 25. Qh4 Bd8 26. Bxd8 Rxd8 27. Nf3 Rh8 28. Qf4 Ne7 29. Qxf7 Rdf8 30. Qg7 Qe8 31. Ng5 Rhg8 32. Qh6 Rh8 33. Qg7 Rhg8 34. Qh6 Rh8 35. Qg7 1/2-1/2

[Event "4NCL Online Division 7"]
[Site "online"]
[Date "2021.04.20"]
[EventDate "2021.04.20"]
[Round "7.101"]
[White "Lane, Anthony J"]
[WhiteElo "1705"]
[WhiteTeam "Bolton and Worsley 2"]
[Black "Dunks, Peter"]
[BlackElo "1690"]
[BlackTeam "The Hemel's Gambit"]
[Result "1-0"]
[PlyCount "61"]

1. e4 c5 2. Nf3 d6 3. d3 Nc6 4. g3 Nf6 5. Bg2 g6 6. O-O Bg7 7. Nbd2 O-O 8. Re1 Bg4 9. h3 Be6 10. c3 Qd7 11. Kh2 Ne8 12. Nf1 Ne5 13. Nxe5 dxe5 14. Qc2 Rd8 15. Be3 b6 16. Rad1 Qc7 17. b3 Nd6 18. c4 f5 19. f4 fxe4 20. dxe4 Nf7 21. f5 gxf5 22. exf5 Bc8 23. Bd5 Bb7 24. Qe4 Bxd5 25. Rxd5 Nd6 26. Qg4 Kh8 27. Red1 Qc8 28. Bg5 Bf6 29. Ne3 Rg8 30. Bxf6+ exf6 31. Qh4 1-0